000 00765cab a2200241 4500
001 ABS52580
008 090401t1995 xxu||||| |||| 00| 0 eng d
035 _a(Sirsi) u85310
041 _aeng
245 2 _aA piece of American pie
260 _c1995
350 _a0
490 _aEstates Europe
_v3(10) March 1995, 9(1)
520 _aQuotes the Association of Foreign Investors in Real Estate in advocating a swift return by European investors to the American property market.
650 _aFOREIGN INVESTORS
650 _aOVERSEAS INVESTMENT
650 _aUNITED STATES
650 _aUSA
690 _aPROPERTY-COMMERCIAL PROPERTY-COMMERCIAL PROPERTY FINANCE AND INVESTMENT
690 _aOVERSEAS-NORTH AMERICA
942 _n0
948 _c04/03/1997
999 _c53638
_d53638